000
00305nam a2200109Ia 4500
008
220120s9999||||xx |||||||||||||| ||und||
100
_a
Ramakrishna, raghu, Gehrke, johannes
245
0
_a
Database Management Systems
260
_a
Mc graw hill
_b
Bangalooru
300
_b
125
650
_a
COMMUNICATION SYSTEM
999
_c
137270
_d
137270